Dominio público : (Registro nro. 6201)
[ vista simple ]
| 000 -LEADER | |
|---|---|
| fixed length control field | 01557nabaa22002297a 4500 |
| 003 - CONTROL NUMBER IDENTIFIER | |
| control field | OSt |
| 005 - DATE AND TIME OF LATEST TRANSACTION | |
| control field | 20260125204700.0 |
| 008 - FIXED-LENGTH DATA ELEMENTS--GENERAL INFORMATION | |
| fixed length control field | 190701b xxu||||| |||| 00| 0 spa d |
| 040 ## - CATALOGING SOURCE | |
| Transcribing agency | PJ |
| 100 ## - MAIN ENTRY--PERSONAL NAME | |
| 9 (RLIN) | 4200 |
| Personal name | Falbo, Aníbal J. |
| 245 10 - TITLE STATEMENT | |
| Title | Dominio público : |
| Remainder of title | su inevitable transmigración al derecho ambiental / |
| Statement of responsibility, etc | Aníbal Falbo, Elisa Sraiber. |
| 300 ## - PHYSICAL DESCRIPTION | |
| Extent | p. 51-61 |
| 500 ## - GENERAL NOTE | |
| General note | Cita: TR LALEY AR/DOC/2730/2024 |
| 505 ## - FORMATTED CONTENTS NOTE | |
| Formatted contents note | Sumario: I. Los bienes de dominio público son ambiente. De rígido a flexible.— II. Régimen jurídico especial de derecho ambiental que potencia y reescribe el régimen especial de dominio público: Régimen Ambiental de Dominio Público.— III. Vías de relectura y reescritura ambiental del régimen especial del dominio público. El art. 41 de la CN: el proyecto constitucional ambiental.— IV. Vías de relectura y reescritura ambiental del régimen especial del dominio público. Las leyes de presupuestos mínimos de protección ambiental.— V. Vías de relectura y reescritura ambiental del régimen especial del dominio público. Cód. Civ. y Com.— VI. Conclusiones finales. |
| 505 ## - FORMATTED CONTENTS NOTE | |
| Title | ¿Te interesa el texto completo? Comunicate al correo: koha@justierradelfuego.gov.ar |
| 650 #0 - SUBJECT ADDED ENTRY--TOPICAL TERM | |
| 9 (RLIN) | 211 |
| Topical term or geographic name as entry element | DERECHO ADMINISTRATIVO |
| 650 #0 - SUBJECT ADDED ENTRY--TOPICAL TERM | |
| 9 (RLIN) | 178 |
| Topical term or geographic name as entry element | DERECHO CONSTITUCIONAL |
| 650 #0 - SUBJECT ADDED ENTRY--TOPICAL TERM | |
| 9 (RLIN) | 872 |
| Topical term or geographic name as entry element | INTERPRETACION CONSTITUCIONAL |
| 700 ## - ADDED ENTRY--PERSONAL NAME | |
| 9 (RLIN) | 6933 |
| Personal name | Sraiber, Elisa |
| 773 0# - HOST ITEM ENTRY | |
| Host Biblionumber | 2842 |
| Host Itemnumber | 3251 |
| Place, publisher, and date of publication | Buenos Aires : AbeledoPerrot, 2012- |
| Other item identifier | DA121 |
| Title | Derecho administrativo. Nº 156 noviembre/diciembre 2024 |
| International Standard Book Number | 18510590 |
| 942 ## - ADDED ENTRY ELEMENTS (KOHA) | |
| Source of classification or shelving scheme | |
| Koha item type | Analítica Artículo de Revista |
No hay ítems disponibles.
